Các nhà tiên tri Việt Nam /

Guardat en:
Dades bibliogràfiques
Autor principal: Lê Văn Quán
Format: Sách giấy
Idioma:Vietnamese
Matèries:
Etiquetes: Afegir etiqueta
Sense etiquetes, Sigues el primer a etiquetar aquest registre!
Thư viện lưu trữ: Thư viện Trường Đại học Đà Lạt
LEADER 00560nam a2200241 4500
001 DLU020017342
005 ##3/26/2001
020 # # |a 978- 
041 # # |a vie 
082 # # |a 133.86  |b LE-Q 
100 # # |a Lê Văn Quán 
245 # # |a Các nhà tiên tri Việt Nam /  |c Lê Văn Quán 
300 # # |a 266 tr.;   |c 19 cm. 
650 # # |a Tiên tri (Huyền bí học)  |z Việt Nam. 
992 # # |a 23000 
994 # # |a DLU 
900 # # |a False 
911 # # |a Administrator 
925 # # |a G 
926 # # |a A 
927 # # |a SH 
980 # # |a Thư viện Trường Đại học Đà Lạt